01170nam a22001817a 4500008004100000050002000041100004000061245018500101260005100286300002300337500003100360504005500391505035800446650003800804700004900842700004600891700005100937200415s2016 mx |||| |||| 001 0 spa d 4aRA418.5 T73bC31 aCampos Navarro, RobertocDr.eautor10aAntropología médica e interculturalidadc/ Roberto Campos Navarro; colaboradores: José Carlos Aguado Vázquez, Abigail Contreras, María de la Luz Arenas Monreal...[et. al]3 aMéxicob: McGraw Hill Interamericanac, 2016 axxi, 506 páginas aIncluye índice (499-506) aIncluye bibliografía al final de cada capítulo1 aIntroducción a la antropología médica e interculturalidad Cultura y cosmovisión Procesos bioculturales Pluralismo médico Relación médico-paciente Modelo médico de autoatención y modelo alternativo subordinado Epidemiología sociocultural y medicina tradicional mexicana y medicina tradicional mexicana Antropología médica aplicada14aANTROPOLOGÍA MÉDICAzMÉXICO1 aAguado Vázquez, José Carlosecolaborador1 aAguilar Contreras, Abigaílecolaborador1 aArenas Monreal, María de la Luzecolaborador